Geographical Features from 'H' - Statistics

General Stats
  • This quiz has been taken 78 times
  • The average score is 7 of 16
Answer Stats
Picture Hint Answer % Correct
Vietnamese City Ho Chi Minh
99%
German City Hamburg
92%
Country Hungary
90%
Dam Hoover
88%
Mountain Range Himalayas
84%
National Capital Havana
78%
Island Hispaniola
74%
Island Hokkaido
48%
National Park Hot Springs
8%
Fjord Hardanger
4%
River Humber
4%
Beach Hanalei Bay
0%
Volcano Hekla
0%
Waterfall Helmcken
0%
Cave Hermanns
0%
Lake Hornindals
0%
No matching quizzes found
Score Distribution
Percent of People with Each Score
Percentile by Number Answered
Your Score History
You have not taken this quiz